Ensayos espacio | Viento Fuerte/ (Record no. 2832)

MARC details
000 -LEADER
campo de control de longitud fija 00787nam a22002537a 4500
003 - IDENTIFICADOR DE NÚMERO DE CONTROL
campo de control OSt
005 - FECHA Y HORA DE LA ÚLTIMA TRANSACCIÓN
campo de control 20230118150634.0
008 - DATOS DE LONGITUD FIJA--INFORMACIÓN GENERAL
campo de control de longitud fija 221006b |||||||| |||| 00| 0 eng d
020 ## - NÚMERO INTERNACIONAL ESTÁNDAR DEL LIBRO
Número Internacional Estándar del Libro 978 99939 0 505 9
040 ## - FUENTE DE CATALOGACIÓN
Centro/agencia transcriptor Biblioteca Lado V
082 ## - NÚMERO DE LA CLASIFICACIÓN DECIMAL DEWEY
Número de clasificación 864
Número de ítem V468e
100 ## - ENTRADA PRINCIPAL--NOMBRE DE PERSONA
Término indicativo de función/relación autor
9 (RLIN) 576
Nombre de persona Ventura Puac-Coyoy, Diego
245 ## - MENCIÓN DEL TÍTULO
Título Ensayos espacio | Viento Fuerte/
Resto del título Pensares/
260 ## - PUBLICACIÓN, DISTRIBUCIÓN, ETC.
Nombre del editor, distribuidor, etc. SION EDITORIAL
Lugar de publicación, distribución, etc. Guatemala
Fecha de publicación, distribución, etc. 2022
300 ## - DESCRIPCIÓN FÍSICA
Dimensiones 14x20cm
Extensión 60p.
490 ## - MENCIÓN DE SERIE
Designación de volumen o secuencia tomo 1
650 ## - PUNTO DE ACCESO ADICIONAL DE MATERIA--TÉRMINO DE MATERIA
Fuente del encabezamiento o término Tesauro de Arte & Arquitectura
Término de materia o nombre geográfico como elemento de entrada ENSAYOS
650 ## - PUNTO DE ACCESO ADICIONAL DE MATERIA--TÉRMINO DE MATERIA
Fuente del encabezamiento o término Tesauro de Arte & Arquitectura
Término de materia o nombre geográfico como elemento de entrada GUATEMALA
700 ## - ENTRADA AGREGADA--NOMBRE PERSONAL
Nombre de persona Aguilar, Jose
Término indicativo de función/relación autor
700 ## - ENTRADA AGREGADA--NOMBRE PERSONAL
Nombre de persona Morales, Luis
Término indicativo de función/relación autor
700 ## - ENTRADA AGREGADA--NOMBRE PERSONAL
Nombre de persona Juracan, Maya
Término indicativo de función/relación autor
700 ## - ENTRADA AGREGADA--NOMBRE PERSONAL
Nombre de persona Chavez, Rosa
Término indicativo de función/relación autor
942 ## - ELEMENTOS DE ENTRADA SECUNDARIOS (KOHA)
Fuente del sistema de clasificación o colocación Clasificación Decimal Dewey
Tipo de ítem Koha Libros
Parte de la signatura que corresponde a la clasificación (Parte de la clasificación) 864
Parte de la signatura que identifica el ejemplar (Parte del ítem) V468e
Suprimir en OPAC No
Holdings
Estatus retirado Estado de pérdida Fuente del sistema de clasificación o colocación Estado de daño No para préstamo Biblioteca de origen Biblioteca actual Fecha de adquisición Número de inventario Total de préstamos Signatura topográfica completa Código de barras Visto por última vez Precio de reemplazo Tipo de ítem Koha
    Clasificación Decimal Dewey     Biblioteca LadoV Biblioteca LadoV 18/01/2023 005045   864 V468e 005045 18/01/2023 18/01/2023 Libros